Statistics for Countries Snoop Dogg has visited

Click here to take the quiz!

General Stats

  • This quiz has been taken 126 times
    (54 since last reset)
  • The average score is 9 of 13

Answer Stats

ContinentCountry% Correct
EuropeFrance
89%
EuropeGermany
86%
North AmericaCanada
84%
OceaniaAustralia
82%
EuropeUnited Kingdom
82%
North AmericaUnited States of America
77%
AsiaChina
75%
OceaniaNew Zealand
73%
Europethe Netherlands
64%
EuropeBelgium
61%
EuropeSweden
55%
EuropeIreland
45%
EuropeDenmark
43%

Score Distribution

Percentile by Number Answered

Percent of People with Each Score

Your Score History

You have not taken this quiz since the last reset